Pitch pockets.

Bibliographic Details
Corporate Author: United States. Navy Department. Bureau of Aeronautics
Format: Government Document eBook
Language:English
Published: Washington : U.S. GPO, 1923.
Series:Aeronautics Bur. Tech. Note No. 29
Subjects:
Online Access:Connect to the full text of this electronic document

MARC

Tag First Indicator Second Indicator Subfields
LEADER 00000cam a22000001a 4500
001 in00003770121
005 20190408185847.0
006 m o d f
007 cr bn mmmapmmp
008 040322s1923 dcu o f000 0 eng d
035 |a ebd1910605266 
040 |a UMI  |c UMI  |d UtOrBLW 
086 0 |a N 28.6:29 
099 |a N28.6-1.29 
245 0 0 |a Pitch pockets. 
264 1 |a Washington :  |b U.S. GPO,  |c 1923. 
300 |a 1 online resource (1 pages) 
336 |a text  |b txt  |2 rdacontent 
337 |a computer  |b c  |2 rdamedia 
338 |a online resource  |b cr  |2 rdacarrier 
490 0 |a Aeronautics Bur. Tech. Note No. 29 
500 |a [on lumber characteristics and defects]. 
500 |a Record is based on bibliographic data in ProQuest U.S. Executive Branch Documents, 1910-1932. Reuse except for individual research requires license from ProQuest, LLC. 
533 |a Electronic reproduction.  |b [Bethesda, Md.] :  |c ProQuest,  |d 2012.  |e digital, PDF file.  |n ProQuest U.S. Executive Branch Documents, 1910-1932.  |n Mode of access: World Wide Web via ProQuest website. 
538 |a System requirements: PDF reader software. 
500 |a Electronic resource. 
650 0 |a Lumber trade.  |0 http://id.loc.gov/authorities/subjects/sh85078814 
655 7 |a Electronic books.  |2 local 
710 1 |a United States.  |b Navy Department.  |b Bureau of Aeronautics.  |0 http://id.loc.gov/authorities/names/n79096703 
776 1 8 |i Microfiche version:  |t Pitch pockets  |o CIS US Exec MF N28.6-1.29  |w (ProQuest)cis19163742 
856 4 0 |u http://proxy.library.tamu.edu/login?url=http://congressional.proquest.com/congressional/docview/t66.d71.n28.6-1.29  |z Connect to the full text of this electronic document  |t 0 
999 f f |s 50543471-2b63-3370-9648-6f03fd7511ab  |i 0f9cf2a8-30cd-31a7-9e81-9cd31d44b826  |t 0 
952 f f |a Texas A&M University  |b College Station  |c Electronic Resources  |d Available Online  |t 0  |h No information provided 
998 f f |t 0  |l Available Online